Health and safety : (Record no. 4643)

MARC details
000 -LEADER
fixed length control field 00965cam a2200289 a 4500
001 - CONTROL NUMBER
control field 3073654
003 - CONTROL NUMBER IDENTIFIER
control field OSt
005 - DATE AND TIME OF LATEST TRANSACTION
control field 20160705152920.0
008 - FIXED-LENGTH DATA ELEMENTS--GENERAL INFORMATION
fixed length control field 971203s1998 enka 001 0 eng
010 ## - LIBRARY OF CONGRESS CONTROL NUMBER
LC control number 97051507
020 ## - INTERNATIONAL STANDARD BOOK NUMBER
International Standard Book Number 9780750686396
040 ## - CATALOGING SOURCE
Original cataloging agency DLC
Transcribing agency DLC
Modifying agency DLC
043 ## - GEOGRAPHIC AREA CODE
Geographic area code e-uk---
082 ## - DEWEY DECIMAL CLASSIFICATION NUMBER
Classification number WA 400
Item number R438h 2008
100 1# - MAIN ENTRY--PERSONAL NAME
Personal name Ridley, John R.
9 (RLIN) 9976
245 10 - TITLE STATEMENT
Title Health and safety :
Remainder of title in brief /
Statement of responsibility, etc. John Ridley.
246 14 - VARYING FORM OF TITLE
Title proper/short title Health & safety
250 ## - EDITION STATEMENT
Edition statement 4th.ed.
260 ## - PUBLICATION, DISTRIBUTION, ETC. (IMPRINT)
Place of publication, distribution, etc. Oxford ;
-- Boston :
Name of publisher, distributor, etc. Butterworth-Heinemann,
Date of publication, distribution, etc. 2008.
300 ## - PHYSICAL DESCRIPTION
Extent xiii, 314p. :
Other physical details ill. ;
Dimensions 20 cm.
500 ## - GENERAL NOTE
General note Includes index.
650 #0 - SUBJECT ADDED ENTRY--TOPICAL TERM
Topical term or geographic name as entry element Industrial safety
General subdivision Law and legislation
Geographic subdivision Great Britain.
9 (RLIN) 9977
650 #0 - SUBJECT ADDED ENTRY--TOPICAL TERM
Topical term or geographic name as entry element Industrial hygiene
General subdivision Law and legislation
Geographic subdivision Great Britain.
9 (RLIN) 9978
906 ## - LOCAL DATA ELEMENT F, LDF (RLIN)
a 7
b cbc
c orignew
d 1
e ocip
f 19
g y-gencatlg
942 ## - ADDED ENTRY ELEMENTS (KOHA)
Source of classification or shelving scheme Other/Generic Classification Scheme
Koha item type Open Shelf
Holdings
Withdrawn status Lost status Source of classification or shelving scheme Damaged status Not for loan Home library Current library Date acquired Source of acquisition Inventory number Total Checkouts Full call number Barcode Date last seen Price effective from Koha item type
    Other/Generic Classification Scheme     MUST Main Library MUST Main Library 05/07/2016   2011/32668   WA 400 R438h 2008 2016-3012 05/07/2016 05/07/2016 Open Shelf